Armament and history, (Record no. 532678)

000 -LEADER
fixed length control field 00748cam a2200253u 4500
001 - CONTROL NUMBER
control field 6005243
003 - CONTROL NUMBER IDENTIFIER
control field NUST
005 - DATE AND TIME OF LATEST TRANSACTION
control field 20191128094313.0
008 - FIXED-LENGTH DATA ELEMENTS--GENERAL INFORMATION
fixed length control field 810317s1946 enk 000 0 eng
010 ## - LIBRARY OF CONGRESS CONTROL NUMBER
LC control number 47001098
038 ## - RECORD CONTENT LICENSOR
Staff Name Muhammad Ibrahim
040 ## - CATALOGING SOURCE
Original cataloging agency DLC
Transcribing agency CarP
Modifying agency DLC
050 00 - LIBRARY OF CONGRESS CALL NUMBER
Classification number U102
Item number .F84 1946
082 ## - DEWEY DECIMAL CLASSIFICATION NUMBER
Classification number 355.09
Author Mark FUL 1946
100 1# - MAIN ENTRY--PERSONAL NAME
Personal name Fuller, J. F. C.
Fuller form of name (John Frederick Charles),
Dates associated with a name 1878-1966.
9 (RLIN) 26284
245 00 - TITLE STATEMENT
Title Armament and history,
Statement of responsibility, etc. J. F. C Fuller
260 ## - PUBLICATION, DISTRIBUTION, ETC.
Place of publication, distribution, etc. London,
Name of publisher, distributor, etc. Tyre & Spottiswoode,
Date of publication, distribution, etc. 1946.
300 ## - PHYSICAL DESCRIPTION
Extent xiv, 224 p.
Dimensions 21 cm
650 #0 - SUBJECT ADDED ENTRY--TOPICAL TERM
Topical term or geographic name entry element Military weapons.
9 (RLIN) 26285
650 #0 - SUBJECT ADDED ENTRY--TOPICAL TERM
Topical term or geographic name entry element Military history.
9 (RLIN) 1735
650 #0 - SUBJECT ADDED ENTRY--TOPICAL TERM
Topical term or geographic name entry element History.
9 (RLIN) 3046
906 ## - LOCAL DATA ELEMENT F, LDF (RLIN)
a 0
b cbc
c premunv
d u
e ncip
f 19
g y-gencatlg
942 ## - ADDED ENTRY ELEMENTS (KOHA)
Source of classification or shelving scheme
Koha item type Book
Holdings
Withdrawn status Lost status Source of classification or shelving scheme Damaged status Not for loan Permanent Location Current Location Shelving location Date acquired Total Checkouts Full call number Barcode Date last seen Price effective from Koha item type
          Centre for International Peace & Stability (CIPS) Centre for International Peace & Stability (CIPS) General Stacks 11/28/2019   355.09 FUL 1946 CIPSD0000559 11/28/2019 11/28/2019 Book
© 2023 Central Library, National University of Sciences and Technology. All Rights Reserved.